| 000 | 00512nam a2200169Ia 4500 | ||
|---|---|---|---|
| 008 | 100122s9999 xx 000 0 und d | ||
| 082 |
_b64443 _a177.6 |
||
| 100 | _aWEISS BRIAN | ||
| 245 | _aMESSAGES FROM THE MASTERS TAPPING INTO THE POWER OF LOVE | ||
| 260 |
_bJUDY PIATKUR _c2000 |
||
| 300 | _a250 | ||
| 520 | _aMESSAGES | ||
| 620 | _aMESSAGES | ||
| 630 | _aMESSAGES FROM THE MASTERS TAPPING INTO THE POWER OF LOVE | ||
| 730 | _aMESSAGES FROM THE MASTERS TAPPING INTO THE POWER OF LOVE | ||
| 942 | _cBOOK | ||
| 999 |
_c379558 _d379555 |
||